100 internationale Städte mit Anfangsbuchstabe L - Statistiken

Allgemein
  • Dieses Quiz wurde 91 mal gespielt
  • Das Durchschnittsergebnis liegt bei 34 aus 100
Antwortstatistiken
Einwohner Hinweis Antwort % Korrekt
8.900.000 Rote Busse, Dauerregen und die Queen im Herzen London
97%
3.900.000 Zentrum der amerikanischen Filmindustrie - Walk of Fame Los Angeles
97%
9.600.000 Einzige südamerikanische Hauptstadt, die direkt am Pazifik liegt Lima
96%
610.000 Messestadt in Sachsen, bekannt für Bach und Auerbachs Keller Leipzig
89%
640.000 Wüstenmetropole in Nevada mit Casinos und luxuriösen Hotels Las Vegas
82%
520.000 Sitz von Interpol und Zentrum der französischen Seidenweberei Lyon
79%
170.000 Chemiestadt am Rhein, Heimat des Fußball-Meisters 2024 Leverkusen
78%
510.000 Vier Pilzköpfe machten diese Hafenstadt zur Legende Liverpool
78%
14.600.000 Zweitgrößte Stadt Afrikas, gelegen am Golf von Guinea Lagos
76%
220.000 Ehemaliges Hauptquartier der Hanse, bekannt für Marzipan Lübeck
76%
210.000 Drittgrößte Stadt Österreichs - Stahlindustrie und Medienkunst Linz
75%
290.000 Hauptstadt Sloweniens mit Drachenbrücke und malerischer Burg Ljubljana
75%
750.000 Hochgelegener Regierungssitz Boliviens auf 3600 m La Paz
74%
650.000 Nach Vicky Leandros: Theo, wir fahr'n nach ... Łódź
74%
9.000.000 Teuerstes Pflaster Afrikas mit glitzernder Skyline am Atlantik Luanda
72%
540.000 Britische Metropole in Yorkshire, Heimat der Royal Armouries Leeds
71%
180.000 Chemiestadt am Rhein - gegenüber von Mannheim Ludwigshafen am Rhein
71%
550.000 Sieben Hügel, gelbe Bahnen und Sehnsucht namens Fado Lissabon
68%
70.000 Ehemalige Hansestadt an der gleichnamigen Heide Lüneburg
65%
240.000 Flämischer Charme in Frankreich mit Liebe zu Muscheln Lille
63%
2.200.000 Togos Küstenperle mit dem größten Voodoo-Markt der Welt Lomé
58%
80.000 Schweizerische Stadt am Vierwaldstättersee Luzern
58%
13.000.000 Kulturhauptstadt Pakistans - Architektur der Mogulzeit Lahore
54%
380.000 Größte Stadt der Kanarischen Inseln mit Freihafen Las Palmas de Gran Canaria
54%
2.500.000 Eine der am schnellsten wachsenden Städte im südlichen Afrika Lusaka
54%
870.000 Das religiöse und politische Zentrum des tibetischen Buddhismus Lhasa
51%
1.200.000 Malawis grüne Hauptstadt mit weitläufigen Gärten und Parks Lilongwe
51%
140.000 Hauptstadt an der Alzette und Verwaltungssitz der EU Luxemburg
51%
280.000 Ägyptische Stadt am Nil, Standort der antiken Hauptstadt Theben Luxor
51%
730.000 Westukrainische Stadt mit habsburgischer Vergangenheit Lwiw (Lemberg)
51%
150.000 Französische Stadt - seit 1923 Austragungsort des 24h Rennens Le Mans
50%
700.000 Gabuns Hauptstadt zwischen Regenwald und teuren Yachten Libreville
50%
200.000 Waffelstadt an der Maas und kulturelles Zentrum Walloniens Lüttich
50%
140.000 Sitz des Internationalen Olympischen Komitees am Genfersee Lausanne
49%
90.000 Irlands raue Schöne, bekannt für Schinken und lustige Verse Limerick
49%
25.000 Der bayerische Löwe bewacht die Insel im Bodensee Lindau
46%
390.000 Britische Stadt, in der die Gebeine von Richard III. lagern Leicester
43%
290.000 Hauptstadt von Nebraska, benannt nach dem 16. US-Präsidenten Lincoln
43%
90.000 Größte erhaltene Barockschlossanlage Deutschlands Ludwigsburg
43%
60.000 Hauptstadt vom italienischsprachigen Kanton Tessin Lugano
42%
400.000 Schwerindustrielles Zentrum im Osten der Ukraine / Donbass Luhansk
39%
70.000 Stadt an der Isar, bekannt durch die historische Adelshochzeit Landshut
38%
120.000 Bekanntes finnisches Zentrum für nordischen Skisport Lahti
36%
170.000 Französische Stadt am rechten Ufer der Seinemündung Le Havre
32%
130.000 Sitz der ältesten Universität der Niederlande (gegründet 1575) Leiden
31%
110.000 Wirtschaftliches Zentrum Zyperns und Hafenstadt Limassol
31%
630.000 Größte Stadt Kentuckys, Geburtsort von Muhammad Ali Louisville
31%
340.000 Stadt in Ostpolen - Europäische Kulturhauptstadt 2029 Lublin
31%
160.000 Toskanas Hafenperle mit Kanälen und Mut zur Fischsuppe Livorno
29%
1.600.000 Mexikanische Metropole - hochwertige Lederwarenproduktion León
28%
30.000 Olympischer Wintertraum mit Blick auf den Mjøsa-See Lillehammer
24%
90.000 Nordirische Stadt mit zwei Namen Londonderry
24%
50.000 Standort des internationalen Verkehrsflughafens von Zypern Larnaca
21%
40.000 Party, Sand und Sonnenbrand – das Mekka der Abifahrten Lloret de Mar
21%
110.000 Zentrum der schwedischen Luftfahrtindustrie Linköping
19%
15.000 Filmfestspiele unter Palmen am Ufer des Lago Maggiore Locarno
19%
110.000 Michigans politisches Zentrum im Schatten der Autoriesen Lansing
18%
160.000 Hauptstadt Thessaliens und Sterbeort von Hippokrates Larisa
18%
130.000 Französisches Zentrum für Emailkunst und Porzellan Limoges
18%
100.000 Sitz der weltgrößten Brauereigruppe (Anheuser-Busch InBev) Löwen
18%
90.000 Stadt auf der Halbinsel Salento in Apulien - Barockstil Lecce
17%
1.500 Nördlichste Gemeinde Deutschlands List auf Sylt
17%
200.000 Hauptstadt von Arkansas - Bürgerrechtskämpfe 1957 Little Rock
17%
15.000 Wunder, Wasser und Millionen Hoffnungen in den Pyrenäen Lourdes
17%
15.000 Wo die Atombombe in der Stille New Mexicos entstand Los Alamos
15%
210.000 Flughafen-Heimat und Hutmacher-Stadt mit viel britischem Alltag Luton
15%
200.000 Industriestadt bei Madrid mit Fußballtradition Leganés
14%
470.000 Kalifornische Küstenstadt - Heimathafen der Queen Mary Long Beach
14%
2.800.000 Zweitgrößte Stadt der Demokratischen Republik Kongo Lubumbashi
14%
2.900.000 Hauptstadt des Bundesstaates Uttar Pradesh in Indien Lucknow
14%
90.000 Südschwedische Universitätsstadt mit prächtigem Dom Lund
14%
80.000 Maritime französische Hafenstadt am Atlantik La Rochelle
13%
130.000 Start- und Zielort des niederländischen Elfstädtelaufs Leeuwarden
13%
320.000 "Pferde-Hauptstadt der Welt" in Kentucky Lexington
13%
40.000 Schwedens kühler Norden, wo das Internet im Eis schmilzt Luleå
13%
3.500.000 Drittgrößte Stadt im Nordwesten Chinas - am Gelben Fluss Lanzhou
11%
110.000 Nordböhmisches Zentrum der Textilindustrie - dt.: Reichenberg Liberec
11%
25.000 Österreichs Montanstadt, wo das Bier "Gösser" heißt Leoben
10%
70.000 Hafenstadt in Litauen mit Fähren nach Travemünde Liepāja (Liebau)
10%
150.000 Stadt in Katalonien - bekannt für gegrillte Schnecken Lleida
10%
3.000 Hier ging die Hindenburg in einem Flammenmeer zu Boden Lakehurst
8%
2.000 Zweifacher Olympia-Gastgeber im Bundesstaat New York Lake Placid
8%
170.000 Kalifornische Stadt an der Mojave-Wüste - Luftfahrtzentrum Lancaster
8%
770.000 Planstadt in Argentinien mit quadratischem Straßenraster La Plata
8%
290.000 Dicht besiedelte Nachbarstadt Barcelonas L’Hospitalet de Llobregat
8%
1.900.000 2008 zur "Stadt der Erdwärme in China" gekrönt Linyi
8%
15.000 Deutscher Jugendstil am wilden Atlantik Namibias Lüderitz
8%
180.000 Sambisches Tourismuszentrum an den Viktoriafällen Livingstone
6%
510.000 Russisches Zentrum der Stahlproduktion Lipezk
4%
550.000 Brasilianische Stadt, deren Name die britischen Gründer ehrt Londrina
4%
120.000 Zentrum der frankophonen Cajun-Bevölkerung in Louisiana Lafayette
3%
40.000 Hier steht Albert Schweitzers Urwaldspital in Gabun Lambarene
3%
50.000 Kolumbiens Tor zum Amazonas im Dreiländereck Leticia
3%
3.000 Ort in Wales mit dem längsten Namen (58 Buchstaben) Llanfairpwllgwyngyll
3%
1.600.000 "Manchester Indiens" - hier rattern Webstühle für die ganze Welt Ludhiana
3%
70.000 Ehemalige königliche Hauptstadt von Laos am Mekong Luang Prabang
1%
1.200.000 Berühmt für ihr Kanalsystem und die Naxi-Kultur in China Lijiang
0%
630.000 Bergbaustadt im Süden Kongos - reich an Kupfer und Kobalt Likasi
0%
90.000 Geburtsort von Buddha und Wallfahrtsort in Nepal Lumbini
0%
320.000 Sitz des südamerikanischen CONMEBOL in Paraguay Luque
0%
Keine übereinstimmenden Quizze gefunden
Verteilung der Resultate
Anzahl Personen mit jedem Resultat
Perzentil nach korrekt beantworteten Fragen
Ihre Resultats-Entwicklung
Sie haben dieses Quiz noch nicht gespielt